Criminal Law (Record no. 1444)

000 -LEADER
fixed length control field 00415nam a22001697a 4500
003 - CONTROL NUMBER IDENTIFIER
control field OSt
005 - DATE AND TIME OF LATEST TRANSACTION
control field 20141118043111.0
008 - FIXED-LENGTH DATA ELEMENTS--GENERAL INFORMATION
fixed length control field 141118b xxu||||| |||| 00| 0 eng d
020 ## - INTERNATIONAL STANDARD BOOK NUMBER
International Standard Book Number 9966031396
050 ## - LIBRARY OF CONGRESS CALL NUMBER
Classification number KM 500 .M87 2013
100 ## - MAIN ENTRY--PERSONAL NAME
Personal name Musyoka, William
245 ## - TITLE STATEMENT
Title Criminal Law
Statement of responsibility, etc William Musyoka.
260 ## - PUBLICATION, DISTRIBUTION, ETC. (IMPRINT)
Place of publication, distribution, etc Nairobi
Name of publisher, distributor, etc Law Africa
Date of publication, distribution, etc 2013
300 ## - PHYSICAL DESCRIPTION
Extent 510p.
Dimensions 24cm
650 ## - SUBJECT ADDED ENTRY--TOPICAL TERM
Topical term or geographic name as entry element Criminal Law
942 ## - ADDED ENTRY ELEMENTS (KOHA)
Source of classification or shelving scheme
Koha item type Book
Holdings
Withdrawn status Lost status Source of classification or shelving scheme Damaged status Not for loan Home library Current library Shelving location Date acquired Total Checkouts Total Renewals Full call number Barcode Date last seen Date checked out Copy number Price effective from Koha item type Checked out
          Riara University Library Riara University Library General stack 18/11/2014 57 16 KM 500 .M87 2013 5126/14 02/05/2024 26/04/2024 C.1 18/11/2014 Book  
          Riara University Library Riara University Library General stack 18/11/2014 123 13 KM 500 .M87 2013 5127/14 24/04/2024 23/04/2024 C.2 18/11/2014 Book  
          Riara University Library Riara University Library General stack 18/11/2014 95 5 KM 500 .M87 2013 5128/14 11/03/2024 08/03/2024 C.3 18/11/2014 Book  
          Riara University Library Riara University Library General stack 18/11/2014 53 13 KM 500 .M87 2013 5129/14 16/04/2024 08/04/2024 C.4 18/11/2014 Book  
          Riara University Library Riara University Library General stack 18/11/2014 47 18 KM 500 .M87 2013 5130/14 23/02/2022 23/02/2022 C.5 18/11/2014 Book 11/03/2022

Riara University Library,
P.O. Box 49940-00100,
Nairobi, Kenya.